The House of Wolves - Bring Me the Horizon - Statistics

General Stats
  • This quiz has been taken 11 times
  • The average score is 208 of 313
Answer Stats
Answer % Correct
Brick
100%
brick
100%
by
100%
of
100%
the
100%
The
100%
wolves
100%
house
89%
I
89%
in
89%
to
89%
a
78%
be
78%
for
78%
give
78%
is
78%
me
78%
one
78%
reason
78%
you
78%
You
78%
and
67%
And
67%
begin
67%
but
67%
cave
67%
clear
67%
Death
67%
fuck
67%
I'm
67%
only
67%
salvation
67%
Show
67%
thing's
67%
walls
67%
you'll
67%
blind
56%
built
56%
feel
56%
going
56%
I'll
56%
sign
56%
solitary
56%
These
56%
thousand
56%
will
56%
about
44%
beliefs
44%
bow
44%
burn
44%
deep
44%
die
44%
foot
44%
goddamn
44%
he
44%
himself
44%
just
44%
king
44%
kingdom
44%
like
44%
see
44%
shows
44%
six
44%
suns
44%
tongues
44%
two
44%
when
44%
wide
44%
your
44%
call
33%
Cloak
33%
daggers
33%
excuse
33%
faith
33%
here,
33%
here
33%
murder
33%
my
33%
Now
33%
now
33%
Oh,
33%
Oh
33%
said
33%
sins
33%
sorry
33%
truth
33%
want
33%
What
33%
whispers
33%
can
22%
if
22%
saved
22%
sell
22%
soul
22%
Yeah
22%
bitter
11%
else
11%
face
11%
nothing
11%
taste
11%
There's
11%
think
11%
No matching quizzes found
Score Distribution
Percent of People with Each Score
Percentile by Number Answered
Your Score History
You have not taken this quiz